Statistiques concernant Pays d'Europe par superficie

Cliquez ici pour prendre le quiz!

Statistiques générales

  • Ce quiz a été pris 470 fois
    (279 depuis la dernière actualisation)
  • Le résultat moyen est 17 sur 19

Statistiques - réponses

HintRéponseSuperficie en Km2% Correct
6Allemagne357 021
100%
4Espagne505 580
100%
3France551 500
100%
1Russie4 320 025
100%
5Suède449 964
97%
2Ukraine603 628
97%
10Italie301 230
96%
12Roumanie237 500
96%
7Finlande338 145
95%
8Norvège324 220
95%
9Pologne312 685
95%
14Grèce131 940
87%
11Royaume-Uni244 820
86%
13Biélorussie207 600
84%
15Bulgarie110 910
82%
18Portugal92 042
82%
17Hongrie93 030
76%
19Serbie88 361
68%
16Islande103 000
50%

Distribution des résultats

Percentile par nombre de réponses

% des personnes avec chaque résultat

Votre développement - résultats

Vous n’avez pas pris ce quiz depuis la dernière actualisation